Top 200 Baby Girl Names in the USA in the 2000's - Statistics

General Stats
  • This quiz has been taken 1,686 times
  • The average score is 113 of 200
Answer Stats
Hint Answer % Correct
3 Emma
93%
1 Emily
92%
144 Ana
91%
24 Anna
91%
4 Olivia
90%
9 Elizabeth
88%
70 Sara
88%
12 Sarah
88%
5 Hannah
87%
93 Isabel
87%
101 Isabelle
87%
111 Catherine
86%
23 Jessica
86%
37 Katherine
86%
129 Kathryn
86%
65 Mary
86%
16 Ava
84%
15 Grace
84%
39 Jennifer
84%
43 Maria
84%
7 Isabella
82%
30 Julia
82%
20 Chloe
81%
192 Lilly
81%
45 Lily
81%
136 Charlotte
80%
34 Ella
80%
135 Laura
80%
19 Lauren
80%
33 Rachel
80%
73 Sofia
80%
13 Sophia
80%
58 Alexa
79%
26 Mia
79%
25 Victoria
79%
6 Abigail
78%
115 Amy
78%
2 Madison
78%
100 Amelia
77%
71 Rebecca
77%
10 Ashley
76%
8 Samantha
76%
54 Zoe
76%
160 Zoey
76%
40 Alexandra
74%
161 Eva
74%
63 Amanda
73%
77 Caroline
73%
80 Evelyn
73%
125 Christina
72%
21 Natalie
72%
109 Katie
71%
103 Melissa
71%
48 Nicole
71%
51 Stephanie
71%
168 Kate
70%
117 Sophie
70%
11 Alexis
69%
95 Danielle
69%
179 Lucy
69%
72 Michelle
68%
119 Breanna
67%
116 Briana
67%
18 Brianna
67%
199 Ellie
67%
134 Angel
66%
22 Kayla
66%
82 Claire
65%
27 Hailey
65%
42 Haley
65%
36 Megan
65%
99 Molly
65%
17 Taylor
65%
98 Erin
64%
68 Leah
63%
79 Audrey
62%
78 Avery
62%
137 Margaret
62%
145 Alicia
61%
55 Faith
61%
56 Kimberly
61%
81 Maya
61%
114 Mya
61%
74 Vanessa
61%
50 Addison
60%
92 Amber
60%
85 Ariana
60%
87 Arianna
60%
151 Caitlin
60%
175 Caitlyn
60%
118 Gabriela
60%
60 Gabriella
60%
200 Jasmin
60%
29 Jasmine
60%
195 Jazmin
60%
35 Kaitlyn
60%
59 Katelyn
60%
14 Alyssa
59%
107 Angela
59%
61 Gabrielle
59%
165 Kylee
59%
64 Kylie
59%
57 Madeline
59%
102 Madelyn
59%
189 Brittany
58%
112 Diana
58%
110 Jade
58%
67 Riley
58%
153 Ruby
58%
154 Rylee
58%
47 Brooke
57%
185 Hope
56%
158 Kelly
56%
147 Daisy
55%
69 Jenna
55%
49 Mackenzie
55%
191 Makenzie
55%
148 Mckenzie
55%
96 Melanie
55%
113 Aubrey
54%
193 Veronica
54%
53 Andrea
53%
90 Brooklyn
53%
41 Allison
51%
76 Angelina
51%
126 Courtney
51%
75 Jordan
51%
167 Jordyn
51%
66 Paige
51%
131 Layla
49%
141 Naomi
49%
31 Morgan
48%
133 Natalia
48%
38 Savannah
48%
155 Valerie
47%
122 Gracie
46%
132 Alexandria
45%
171 Tiffany
45%
89 Bailey
44%
183 Erica
44%
166 Kendall
44%
152 Summer
44%
124 Adriana
43%
196 Adrianna
43%
83 Autumn
43%
170 Karen
43%
52 Lillian
43%
194 Abby
42%
186 Chelsea
42%
32 Destiny
42%
128 Lydia
42%
184 Angelica
41%
172 Cassandra
40%
44 Kaylee
40%
162 Sadie
40%
142 Kelsey
39%
163 Alexia
38%
104 Jacqueline
38%
143 Payton
38%
123 Peyton
38%
46 Makayla
37%
139 Mikayla
37%
97 Sierra
37%
91 Aaliyah
36%
88 Jada
36%
187 Alana
35%
182 Crystal
34%
150 Sabrina
34%
28 Sydney
34%
120 Gianna
33%
84 Jocelyn
33%
164 Cassidy
32%
140 Miranda
32%
190 Camila
31%
121 Kennedy
31%
105 Marissa
31%
146 Jillian
30%
173 Juliana
30%
180 Bianca
27%
149 Ashlyn
26%
86 Nevaeh
26%
130 Valeria
26%
157 Lindsey
25%
156 Skylar
25%
62 Trinity
25%
94 Mariah
24%
108 Leslie
23%
106 Shelby
23%
188 Liliana
22%
127 Daniela
21%
177 Serenity
20%
174 Reagan
19%
159 Genesis
18%
197 Delaney
17%
138 Cheyenne
15%
176 Giselle
13%
169 Jayla
13%
181 Kiara
13%
198 Karina
11%
178 Alondra
6%
No matching quizzes found
Score Distribution
Percent of People with Each Score
Percentile by Number Answered
Your Score History
You have not taken this quiz